| 000 | 00829nam a2200277 a 4500 | ||
|---|---|---|---|
| 003 | AR-BaBNM | ||
| 005 | 20251128204703.0 | ||
| 008 | 082120s2002 ||||||||||||||000 | spa|| | ||
| 020 | _a84-7232-607-1 | ||
| 040 | _cAR-BaBNM | ||
| 245 | 0 | 0 |
_aEl Güegüense _banónimo del siglo XVII |
| 260 |
_aMadrid _bEdiciones de Cultura Hispánica _c1991 |
||
| 300 | _a90 p. | ||
| 490 | 0 |
_aBiblioteca Literaria Iberoamericana y Filipina _vv. 15 |
|
| 500 | _aNotas en p. 85 | ||
| 504 | _aContiene bibliografía en p. 53 | ||
| 650 | 4 | _aLITERATURA LATINOAMERICANA | |
| 650 | 4 | _aLENGUAS AMERINDIAS | |
| 650 | 4 | _aPERIODO COLONIAL | |
| 653 | _aLITERATURA NICARAGÜENSE | ||
| 655 | _aLITERATURA | ||
| 700 | 1 |
_aArellano, Jorge Eduardo _eprologuista |
|
| 800 | 1 |
_aPérez Carrera, José Manuel _edirector |
|
| 942 | _cBK | ||
| 998 | _cMARTIN | ||
| 999 |
_c8419 _d8419 |
||